000 00979nam a2200301Ia 4500
001 Z_2173
003 CHAP
008 220113s1995 xx 000 0 und d
010 _a165229
040 _cCHAP
090 _aTesis F 992
100 _aFlores Pérez, José Luis
_941685
245 _aEfecto del nivel de DL-Metionina sobre la velocidad de crecimiento y su relación con la aparición del síndrome ascítico en pollos de engorda /
_cpor José Luis Flores Pérez y Pascual Meza Galindo
260 _aChapingo, Méx. :
_bEl autor,
_c1995
300 _a38 h.
502 _aTesis (Ing. Agr. Esp. en Zootecnia) -- UACH. Departamento de Zootecnia
650 _aAves de coral
_xCrecimiento
_9139219
650 _aAves de corral
_xEngorda
_98647
650 _aHidropsía
_955281
650 _aMetionina
_975235
700 _aMeza Galindo, Pascual
_975323
901 _aTESIS F 992
902 _aM
910 _a1995
942 _c2
942 _c2
999 _c165229
_d165229